France: villes de plus de 50 000 habitants - Statistiques

Statistiques générales
  • Ce quiz a été pris 105 fois
  • Le résultat moyen est 84 sur 134
Statistiques - réponses
Classement Population Département Nom de la commune % Correct
3 520 000 69 Lyon
97%
2 877 000 13 Marseille
97%
1 2 113 000 75 Paris
97%
10 238 000 59 Lille
96%
6 325 000 44 Nantes
95%
5 353 000 06 Nice
95%
4 511 000 31 Toulouse
95%
9 265 000 33 Bordeaux
94%
13 178 000 51 Reims
94%
8 291 000 67 Strasbourg
94%
7 307 000 34 Montpellier
92%
11 227 000 35 Rennes
92%
20 156 000 974 Saint-Denis
92%
22 148 000 93 Saint-Denis
92%
12 180 000 83 Toulon
92%
26 140 000 29 Brest
91%
14 172 000 42 Saint-Etienne
91%
17 159 000 21 Dijon
90%
19 156 000 38 Grenoble
88%
21 150 000 30 Nîmes
88%
24 147 000 63 Clermont-Ferrand
87%
29 131 000 74 Annecy
86%
15 166 000 76 Le Havre
86%
42 104 000 54 Nancy
86%
32 120 000 66 Perpignan
86%
27 138 000 37 Tours
86%
18 157 000 49 Angers
85%
28 134 000 80 Amiens
83%
38 108 000 14 Caen
83%
35 116 000 45 Orléans
83%
23 147 000 13 Aix-en-Provence
82%
34 120 000 25 Besançon
82%
113 54 000 85 La Roche-sur-Yon
82%
25 145 000 72 Le Mans
82%
41 104 000 68 Mulhouse
82%
31 121 000 57 Metz
81%
80 67 000 68 Colmar
79%
30 129 000 87 Limoges
79%
36 116 000 76 Rouen
79%
16 162 000 69 Villeurbanne
79%
53 89 000 86 Poitiers
78%
63 78 000 64 Pau
77%
71 74 000 06 Cannes
76%
54 87 000 59 Dunkerque
74%
62 79 000 17 La Rochelle
74%
85 64 000 29 Quimper
74%
43 99 000 59 Roubaix
74%
57 83 000 78 Versailles
74%
87 64 000 26 Valence
73%
33 120 000 92 Boulogne-Billancourt
72%
96 60 000 73 Chambéry
72%
48 91 000 84 Avignon
71%
69 75 000 2A Ajaccio
69%
79 67 000 62 Calais
69%
44 99 000 59 Tourcoing
69%
102 58 000 56 Lorient
68%
88 64 000 18 Bourges
67%
83 66 000 91 Évry-Courcouronnes
67%
37 110 000 93 Montreuil
67%
93 62 000 10 Troyes
67%
112 54 000 56 Vannes
67%
119 53 000 64 Bayonne
65%
45 98 000 92 Nanterre
65%
72 73 000 44 Saint-Nazaire
65%
109 55 000 60 Beauvais
64%
61 80 000 34 Béziers
64%
97 60 000 79 Niort
64%
90 63 000 973 Cayenne
63%
65 78 000 50 Cherbourg-en-Cotentin
63%
47 92 000 94 Créteil
63%
70 75 000 972 Fort-de-France
60%
39 107 000 95 Argenteuil
59%
129 51 000 13 Arles
59%
107 56 000 11 Narbonne
59%
110 55 000 83 Hyères
58%
92 62 000 82 Montauban
58%
86 64 000 94 Ivry-sur-Seine
56%
74 71 000 976 Mamoudzou
56%
40 106 000 974 Saint-Paul
55%
56 85 000 974 Saint-Pierre
55%
132 50 000 81 Albi
54%
67 76 000 06 Antibes
54%
52 89 000 93 Aubervilliers
54%
111 55 000 93 Bobigny
54%
76 69 000 95 Cergy
54%
66 77 000 33 Mérignac
54%
108 56 000 77 Meaux
53%
99 59 000 92 Neuilly-sur-Seine
53%
82 66 000 69 Vénissieux
51%
94 62 000 59 Villeneuve-d'Ascq
50%
116 54 000 49 Cholet
49%
101 58 000 83 Fréjus
49%
77 68 000 92 Levallois-Perret
49%
121 52 000 02 Saint-Quentin
47%
81 66 000 33 Pessac
46%
100 58 000 95 Sarcelles
46%
55 86 000 93 Aulnay-sous-Bois
45%
130 51 000 93 Bondy
44%
58 81 000 974 Le Tampon
44%
46 95 000 94 Vitry-sur-Seine
44%
49 91 000 92 Asnières-sur-Seine
42%
73 71 000 93 Noisy-le-Grand
42%
51 90 000 ? 988 Nouméa
42%
64 78 000 94 Champigny-sur-Marne
41%
91 62 000 83 La Seyne-sur-Mer
41%
89 64 000 92 Antony
40%
75 71 000 93 Drancy
40%
78 67 000 92 Issy-les-Moulineaux
40%
127 51 000 93 Sevran
38%
84 65 000 92 Clichy
37%
50 90 000 92 Colombes
37%
59 81 000 92 Courbevoie
37%
95 60 000 93 Pantin
37%
134 50 000 44 Saint-Herblain
37%
122 52 000 06 Cagnes-sur-Mer
36%
125 51 000 971 Les Abymes
36%
124 52 000 69 Vaulx-en-Velin
36%
103 58 000 94 Villejuif
36%
117 53 000 91 Corbeil-Essones
35%
133 50 000 91 Massy
35%
68 76 000 94 Saint-Maur-des-fossés
35%
115 54 000 77 Chelles
33%
120 53 000 93 Saint-Ouen-sur-Seine
33%
106 56 000 92 Clamart
32%
98 59 000 93 Le Blanc-Mesnil
32%
60 80 000 92 Rueil-Malmaison
32%
105 57 000 94 Maisons-Alfort
31%
118 53 000 93 Épinay-sur-Seine
29%
123 52 000 94 Fontenay-sous-Bois
29%
131 50 000 92 Gennevilliers
28%
126 51 000 973 Saint-Laurent-du-Maroni
28%
114 54 000 974 Saint-Louis
28%
128 51 000 78 Sartrouville
26%
104 57 000 974 Saint-André
24%
Aucun quiz correspondant
Distribution des résultats
% des personnes avec chaque résultat
Percentile par nombre de réponses
Votre historique - résultats
Vous n’avez pas pris ce quiz